000 00286nam a2200121Ia 4500
008 190216s9999||||xx |||||||||||||| ||und||
100 _aRakesh Kumar Singh
245 0 _aHindi-Joda Hail Ki Roopkatha
260 _bBharathiya Jananipid
300 _a132
650 _aHindi
942 _cBK
999 _c16210
_d16210